Statistics for Countries with embassies and consulates in Jerusalem

Click here to take the quiz!

General Stats

  • This quiz has been taken 31 times
  • The average score is 9 of 10

Answer Stats

Continent Country % Correct
North AmericaUnited States of America
100%
Asia/ EuropeTurkey
93%
EuropeItaly
93%
EuropeUnited Kingdom
93%
EuropeFrance
90%
EuropeSpain
90%
EuropeSweden
83%
EuropeGreece
79%
EuropeVatican City
79%
EuropeBelgium
76%

Score Distribution

Percentile by Number Answered

Percent of People with Each Score

Your Score History

You have not taken this quiz